Pathways 2 (Record no. 18411)
[ view plain ]
| 000 -LEADER | |
|---|---|
| fixed length control field | 00676cgm a22002057a 4500 |
| 005 - DATE AND TIME OF LATEST TRANSACTION | |
| control field | 20201125063856.0 |
| 007 - PHYSICAL DESCRIPTION FIXED FIELD--GENERAL INFORMATION | |
| fixed length control field | vd cgaizm |
| 008 - FIXED-LENGTH DATA ELEMENTS--GENERAL INFORMATION | |
| fixed length control field | 140923t2013 xxx f |||| 0| vneng d- |
| 020 ## - INTERNATIONAL STANDARD BOOK NUMBER | |
| International Standard Book Number | 9781111398620 |
| 020 ## - INTERNATIONAL STANDARD BOOK NUMBER | |
| International Standard Book Number | 1111398623 |
| 040 ## - CATALOGING SOURCE | |
| Original cataloging agency | EG-ScBUE |
| 082 00 - DEWEY DECIMAL CLASSIFICATION NUMBER | |
| Edition number | 22 |
| Classification number | 428.0071 |
| Item number | PAT |
| 245 00 - TITLE STATEMENT | |
| Title | Pathways 2 |
| Medium | [videorecording] : |
| Remainder of title | listening, speaking, and critical thinking : exam view assessment suite. |
| 246 3# - VARYING FORM OF TITLE | |
| Title proper/short title | Pathways two |
| 260 ## - PUBLICATION, DISTRIBUTION, ETC. (IMPRINT) | |
| Place of publication, distribution, etc | [S. l.] : |
| Name of publisher, distributor, etc | National Geographic Learning : |
| -- | Heinle Cengage Learning, |
| Date of publication, distribution, etc | c.2013. |
| 300 ## - PHYSICAL DESCRIPTION | |
| Extent | 2 CD-ROM. |
| 653 ## - INDEX TERM--UNCONTROLLED | |
| -- | EEENG |
| -- | September2014 |
| 710 2# - ADDED ENTRY--CORPORATE NAME | |
| Corporate name or jurisdiction name as entry element | National Geographic Learning |
| 9 (RLIN) | 35969 |
| 942 ## - ADDED ENTRY ELEMENTS (KOHA) | |
| Source of classification or shelving scheme | Dewey Decimal Classification |
| Item type | |
| Call number prefix | 428.0071 PAT TR |
| Withdrawn status | Lost status | Source of classification or shelving scheme | Damaged status | Not for loan | Koha collection | Home library | Current library | Shelving location | Date acquired | Source of acquisition | Total Checkouts | Full call number | Barcode | Date last seen | Koha item type | Public note | Materials specified (bound volume or other part) |
|---|---|---|---|---|---|---|---|---|---|---|---|---|---|---|---|---|---|
| Dewey Decimal Classification | Baccah | Central Library | Central Library | Second Floor | 25/09/2014 | 428.0071 PAT TR | 000036381 | 24/08/2022 | CD | DVD - Teacher resource | 2 CD-ROMs. | |||||||
| Dewey Decimal Classification | Baccah | Central Library | Central Library | Second Floor | 25/09/2014 | 428.0071 PAT TR | 000036382 | 24/08/2022 | CD | DVD - Teacher resource | 2 CD-ROMs. | |||||||
| Dewey Decimal Classification | Baccah | Central Library | Central Library | Second Floor | 25/09/2014 | 428.0071 PAT TR | 000036383 | 24/08/2022 | CD | DVD - Teacher resource | 2 CD-ROMs. | Lost In Inventory_2015-8-23 |